[Event "Hamburg Harburg-ch Gr.G 5th"]
[Site "Hamburg"]
[Date "2007.07.07"]
[Round "3.2"]
[White "Bode, Heinrich"]
[Black "Juergens, Florian"]
[Result "0-1"]
[WhiteElo "1644"]
[BlackElo "1854"]
[PlyCount "62"]
[EventDate "2007.07.08"]

1. e4 e5 2. Nf3 Nc6 3. Bc4 Nf6 4. Nc3 Bc5 5. d3 d6 6. Be3 Bb6 7. Qd2 Ng4 8. h3
Nxe3 9. fxe3 Na5 10. Bb3 Nxb3 11. axb3 O-O 12. d4 f6 13. O-O Qe8 14. Nh4 g6 15.
g4 c6 16. Rf3 Qe7 17. b4 f5 18. Qf2 fxg4 19. Rxf8+ Qxf8 20. Qg3 gxh3 21. Rf1
Qg7 22. Kh1 Bd7 23. Rg1 exd4 24. Na4 dxe3 25. Nxb6 axb6 26. Nf5 Bxf5 27. exf5
Qe5 28. Qxh3 Qe4+ 29. Kh2 Rf8 30. Re1 Qxc2+ 31. Kg1 Qf2+ 0-1

[Event "Hamburg Harburg-ch Gr.G 5th"]
[Site "Hamburg"]
[Date "2007.07.07"]
[Round "3.3"]
[White "Buetow, Ingo"]
[Black "Kunze, Sebastian"]
[Result "0-1"]
[WhiteElo "1700"]
[BlackElo "1817"]
[PlyCount "122"]
[EventDate "2007.07.08"]

1. c4 e5 2. Nc3 Nf6 3. Nf3 Nc6 4. e4 Be7 5. d4 exd4 6. Nxd4 d6 7. Nxc6 bxc6 8.
Be2 Rb8 9. b3 Nd7 10. Bb2 Bf6 11. Rb1 O-O 12. O-O Nc5 13. Bd3 Re8 14. f3 Bd4+
15. Kh1 Qf6 16. Qd2 Be6 17. Nd1 a5 18. Be2 Bxb2 19. Qxb2 Rb4 20. Qxf6 gxf6 21.
Ne3 Reb8 22. Nc2 R4b6 23. Rfd1 Na6 24. Nd4 a4 25. Bd3 axb3 26. axb3 Nb4 27. Be2
Bd7 28. Rdc1 c5 29. Nb5 Bxb5 30. cxb5 c6 31. bxc6 Nxc6 32. Bc4 Nd4 33. Rc3 f5
34. Bd5 Rb4 35. h3 f4 36. Ra1 Nxb3 37. Ra7 Nd4 38. Rxf7 Kh8 39. e5 Ne2 40. Ra3
Ng3+ 41. Kh2 Rb1 42. Rxf4 Nf1+ 43. Kg1 Ne3+ 44. Kf2 Nxd5 45. Rf7 R1b2+ 46. Kf1
Rc2 47. Kg1 Rg8 48. e6 Rcxg2+ 49. Kf1 c4 50. f4 c3 51. Raa7 Nf6 52. Rac7 c2 53.
Ke1 c1=Q+ 54. Rxc1 Rg1+ 55. Kd2 R8g2+ 56. Kd3 Rxc1 57. e7 Ne8 58. Rf8+ Rg8 59.
f5 Kg7 60. f6+ Nxf6 61. Rxg8+ Kxg8 0-1

[Event "Hamburg Harburg-ch Gr.H 5th"]
[Site "Hamburg"]
[Date "2007.07.06"]
[Round "1.1"]
[White "Marx, Inga"]
[Black "Mueller, Bodo"]
[Result "0-1"]
[WhiteElo "1424"]
[BlackElo "1498"]
[PlyCount "102"]
[EventDate "2007.07.08"]

1. e4 e6 2. d4 d5 3. exd5 exd5 4. Bd3 Bd6 5. Ne2 Bg4 6. O-O Nf6 7. Bg5 Nbd7 8.
Qd2 O-O 9. Nbc3 c6 10. Nf4 Qc7 11. Rfe1 Rae8 12. h3 Be6 13. Nxe6 fxe6 14. Re2
e5 15. dxe5 Nxe5 16. Rae1 Nxd3 17. Rxe8 Nxe8 18. Qxd3 Qf7 19. Bh4 Bc5 20. Qg3
Qf5 21. Re2 h6 22. Qe5 Qf7 23. Qe6 Nc7 24. Qxf7+ Kxf7 25. Na4 Bd6 26. Re3 Ne6
27. Rd3 Nf4 28. Rf3 Kg8 29. Kf1 Ne6 30. Rxf8+ Kxf8 31. Ke2 Kf7 32. Nc3 Nd4+ 33.
Kd3 Nf5 34. Bg3 Nxg3 35. fxg3 Bxg3 36. Na4 Bd6 37. Kd4 b6 38. c4 dxc4 39. Kxc4
Ke6 40. Kd4 Be5+ 41. Kd3 Kf5 42. Ke3 g5 43. g4+ Ke6 44. Ke4 c5 45. Nc3 Bxc3 46.
bxc3 b5 47. a3 a5 48. Kd3 Kd5 49. Kc2 Kc4 50. Kb2 Kd3 51. Kb3 a4+ 0-1

[Event "Hamburg Harburg-ch Gr.H 5th"]
[Site "Hamburg"]
[Date "2007.07.06"]
[Round "1.2"]
[White "Meder, Sebastian"]
[Black "Klawitter, Bernd"]
[Result "1-0"]
[WhiteElo "1478"]
[BlackElo "1513"]
[PlyCount "63"]
[EventDate "2007.07.08"]
[Source "SK Marmstorf"]
[SourceDate "2007.01.01"]

1. d4 Nf6 2. Nf3 e6 3. Bd2 Bd6 4. e3 a6 5. Bd3 h6 6. c4 b6 7. e4 Be7 8. Nc3 Bb7
9. e5 Nh7 10. Ne4 Ng5 11. Nfxg5 hxg5 12. Qe2 Nc6 13. Bc3 Nb4 14. f3 Nxd3+ 15.
Qxd3 g4 16. f4 Bxe4 17. Qxe4 Bh4+ 18. g3 Bxg3+ 19. hxg3 Rh3 20. Rxh3 gxh3 21.
O-O-O g5 22. fxg5 Qxg5+ 23. Bd2 Qd8 24. Qh7 d5 25. Qg8+ Kd7 26. Qxf7+ Qe7 27.
Qxe7+ Kxe7 28. Bg5+ Kd7 29. b3 c6 30. Rh1 Rh8 31. Bh4 Rf8 32. Bf6 1-0

[Event "Hamburg Harburg-ch Gr.H 5th"]
[Site "Hamburg"]
[Date "2007.07.06"]
[Round "1.3"]
[White "Altenburg, Nils"]
[Black "Ladda, Niels"]
[Result "0-1"]
[WhiteElo "1605"]
[BlackElo "1385"]
[PlyCount "38"]
[EventDate "2007.07.08"]
[Source "SK Marmstorf"]
[SourceDate "2007.01.01"]

1. e4 e6 2. d4 a6 3. c4 b5 4. cxb5 axb5 5. Bxb5 Bb7 6. Qc2 f5 7. Nc3 Bb4 8. Bd3
Nf6 9. Bg5 fxe4 10. Bf1 O-O 11. Qb3 Qe7 12. Nge2 Bd5 13. Qd1 Nc6 14. a3 Ba5 15.
Nf4 Qf7 16. Be2 h6 17. Bxf6 Qxf6 18. Nh3 Nxd4 19. b4 Bxb4 0-1

[Event "Hamburg Harburg-ch Gr.H 5th"]
[Site "Hamburg"]
[Date "2007.07.07"]
[Round "2.1"]
[White "Mueller, Bodo"]
[Black "Ladda, Niels"]
[Result "1-0"]
[WhiteElo "1498"]
[BlackElo "1385"]
[PlyCount "45"]
[EventDate "2007.07.08"]

1. e4 e6 2. d4 a6 3. Nf3 b5 4. a3 c5 5. c3 Bb7 6. Bd3 Nf6 7. e5 Nd5 8. O-O Nc6
9. Be4 d6 10. Bxd5 exd5 11. Re1 dxe5 12. Nxe5 Nxe5 13. Rxe5+ Be7 14. dxc5 O-O
15. b4 Bf6 16. Re1 d4 17. Bb2 Qd5 18. f3 Rad8 19. cxd4 Bxd4+ 20. Bxd4 Qc4 21.
Re2 Rxd4 22. Qe1 Rfd8 23. Re8+ 1-0

[Event "Hamburg Harburg-ch Gr.H 5th"]
[Site "Hamburg"]
[Date "2007.07.07"]
[Round "2.2"]
[White "Klawitter, Bernd"]
[Black "Altenburg, Nils"]
[Result "1-0"]
[WhiteElo "1513"]
[BlackElo "1605"]
[PlyCount "35"]
[EventDate "2007.07.08"]

1. e4 c6 2. d4 d5 3. e5 Bf5 4. Ne2 h6 5. Ng3 Bh7 6. Bd3 Bxd3 7. Qxd3 e6 8. f4
Bb4+ 9. c3 Ba5 10. f5 exf5 11. Nxf5 Kf8 12. O-O Ne7 13. Nd6 Bc7 14. Nxf7 Qe8
15. Nd6+ Kg8 16. Nxe8 Bb6 17. Qg3 g5 18. Qf3 1-0

[Event "Hamburg Harburg-ch Gr.H 5th"]
[Site "Hamburg"]
[Date "2007.07.07"]
[Round "2.3"]
[White "Marx, Inga"]
[Black "Meder, Sebastian"]
[Result "1-0"]
[WhiteElo "1424"]
[BlackElo "1478"]
[PlyCount "63"]
[EventDate "2007.07.08"]

1. e4 e5 2. Nf3 d6 3. Bc4 Qf6 4. O-O Bg4 5. Be2 Nd7 6. Nc3 c6 7. d3 Bxf3 8.
Bxf3 g6 9. Be3 h5 10. d4 Bg7 11. dxe5 Nxe5 12. Be2 Qe7 13. Bd4 f6 14. f4 Nd7
15. Qd2 Bh6 16. Be3 Nc5 17. Bf3 Qc7 18. Rad1 O-O-O 19. e5 fxe5 20. fxe5 Bxe3+
21. Qxe3 Ne7 22. exd6 Rxd6 23. Qxc5 Rhd8 24. Rxd6 Rxd6 25. Qe5 Nf5 26. Qe8+ Rd8
27. Qxg6 Nd4 28. Qxh5 Qb6 29. Kh1 Qxb2 30. Bg4+ Kb8 31. Qe5+ Ka8 32. Qxd4 1-0

[Event "Hamburg Harburg-ch Gr.H 5th"]
[Site "Hamburg"]
[Date "2007.07.07"]
[Round "3.1"]
[White "Meder, Sebastian"]
[Black "Mueller, Bodo"]
[Result "1/2-1/2"]
[WhiteElo "1478"]
[BlackElo "1498"]
[PlyCount "45"]
[EventDate "2007.07.08"]

1. d4 d5 2. e3 Nf6 3. c4 c6 4. Nc3 e6 5. Nf3 Nbd7 6. c5 Qc7 7. Bd3 e5 8. dxe5
Nxe5 9. b4 Nxd3+ 10. Qxd3 Bg4 11. Nd4 Bh5 12. Bb2 Bg6 13. Qe2 Be7 14. O-O O-O
15. f3 Rae8 16. Qf2 Bd8 17. a4 Qe5 18. Rfe1 Bc7 19. g3 h5 20. a5 a6 21. Rad1
Qg5 22. Bc1 Qe5 23. Bb2 1/2-1/2

[Event "Hamburg Harburg-ch Gr.H 5th"]
[Site "Hamburg"]
[Date "2007.07.07"]
[Round "3.2"]
[White "Altenburg, Nils"]
[Black "Marx, Inga"]
[Result "1/2-1/2"]
[WhiteElo "1605"]
[BlackElo "1424"]
[PlyCount "70"]
[EventDate "2007.07.08"]

1. e4 d5 2. exd5 Qxd5 3. Nc3 Qa5 4. d4 Bf5 5. Bc4 Nf6 6. Qf3 c6 7. Bd3 Bxd3 8.
Qxd3 e6 9. Bd2 Qc7 10. Nge2 Bd6 11. Ne4 Nxe4 12. Qxe4 Nd7 13. Bf4 Nf6 14. Bxd6
Qxd6 15. Qd3 O-O 16. O-O Rfd8 17. c3 c5 18. Rad1 e5 19. Ng3 Qd7 20. Ne4 Nxe4
21. Qxe4 exd4 22. cxd4 cxd4 23. Rd2 Rac8 24. Rfd1 Qd5 25. Qg4 d3 26. h3 Qc6 27.
Rxd3 Rxd3 28. Rxd3 Re8 29. Qd7 Qc1+ 30. Rd1 Re1+ 31. Rxe1 Qxe1+ 32. Kh2 g6 33.
Qd8+ Kg7 34. Qd4+ Kg8 35. Qd8+ Kg7 1/2-1/2

[Event "Hamburg Harburg-ch Gr.H 5th"]
[Site "Hamburg"]
[Date "2007.07.07"]
[Round "3.3"]
[White "Ladda, Niels"]
[Black "Klawitter, Bernd"]
[Result "1-0"]
[WhiteElo "1385"]
[BlackElo "1513"]
[PlyCount "67"]
[EventDate "2007.07.08"]

1. d4 c5 2. d5 Nf6 3. c4 b5 4. cxb5 a6 5. bxa6 Bxa6 6. g3 Ne4 7. Bg2 Nd6 8. Nf3
g6 9. O-O Bg7 10. Nc3 O-O 11. Re1 Ra7 12. e4 Nb5 13. Nxb5 Bxb5 14. a4 d6 15.
Qc2 Bd7 16. Bd2 Na6 17. Bc3 f6 18. Qd2 Qb8 19. a5 Rc8 20. Reb1 c4 21. Ra3 Rb7
22. Bf1 Rb3 23. Rxb3 Qxb3 24. Nd4 Qa2 25. Qe1 Nb4 26. Ra1 Nc2 27. Rxa2 Nxe1 28.
Bxe1 f5 29. Bc3 Bxd4 30. Bxd4 fxe4 31. a6 e5 32. Bc3 Rf8 33. a7 e3 34. fxe3 1-0

[Event "Hamburg Harburg-ch Gr.I 5th"]
[Site "Hamburg"]
[Date "2007.07.06"]
[Round "1.1"]
[White "Neumann, Ramona"]
[Black "Kalauch, Lucas"]
[Result "1-0"]
[WhiteElo "1379"]
[BlackElo "1149"]
[PlyCount "53"]
[EventDate "2007.07.08"]
[Source "SK Marmstorf"]
[SourceDate "2007.01.01"]

1. e4 c5 2. Nf3 Nc6 3. d4 cxd4 4. Nxd4 g6 5. Be3 Bg7 6. Be2 Qa5+ 7. c3 Nxd4 8.
Bxd4 e5 9. Be3 Nf6 10. Nd2 O-O 11. O-O Qc7 12. Kh1 b6 13. Qc2 Bb7 14. Rad1 Rad8
15. f3 d5 16. exd5 Nxd5 17. Bf2 Nf4 18. Bb5 a6 19. Ba4 b5 20. Bb3 Rfe8 21. Ne4
Bf8 22. Nf6+ Kg7 23. Nxe8+ Rxe8 24. Qd2 e4 25. fxe4 Bxe4 26. Bd4+ Kg8 27. Qxf4
1-0

[Event "Hamburg Harburg-ch Gr.I 5th"]
[Site "Hamburg"]
[Date "2007.07.06"]
[Round "1.2"]
[White "Hemp, Oliver"]
[Black "Rosenkranz, Kristin"]
[Result "1/2-1/2"]
[WhiteElo "1030"]
[BlackElo "1271"]
[PlyCount "65"]
[EventDate "2007.07.08"]

1. e4 c5 2. Nf3 d6 3. d4 cxd4 4. Nxd4 Nf6 5. Nc3 g6 6. Be3 Bg7 7. Qd2 O-O 8.
O-O-O Nc6 9. Nb3 Bd7 10. Kb1 Rc8 11. f3 a5 12. Bh6 Ne5 13. Bxg7 Kxg7 14. f4 Nc4
15. Bxc4 Rxc4 16. f5 Nxe4 17. Nxe4 Rxe4 18. Nxa5 b6 19. Nb3 Qa8 20. Qc3+ Kg8
21. Qc7 Qc6 22. Qxc6 Bxc6 23. Rhe1 Rxe1 24. Rxe1 e5 25. g3 Kg7 26. Nd2 b5 27.
c4 Re8 28. cxb5 Bxb5 29. Ne4 d5 30. Nd6 Rb8 31. Nxb5 Rxb5 32. Rxe5 Kf6 33. a4
1/2-1/2

[Event "Hamburg Harburg-ch Gr.I 5th"]
[Site "Hamburg"]
[Date "2007.07.06"]
[Round "1.3"]
[White "Neumann, Mike"]
[Black "Buntrock, Jannis"]
[Result "1/2-1/2"]
[WhiteElo "1208"]
[BlackElo "1013"]
[PlyCount "98"]
[EventDate "2007.07.08"]
[Source "SK Marmstorf"]
[SourceDate "2007.01.01"]

1. e4 e5 2. Nf3 Nc6 3. d4 d6 4. dxe5 dxe5 5. Qxd8+ Kxd8 6. Bb5 Nb4 7. Na3 Bd6
8. Ng5 Nh6 9. O-O f6 10. Nf3 Bg4 11. Be2 g5 12. Rd1 Ke7 13. Bd2 Nc6 14. Nc4
Bxf3 15. Bxf3 Nd4 16. Ne3 Nxf3+ 17. gxf3 Rhg8 18. Nd5+ Ke6 19. a3 c6 20. Nb4
Nf7 21. h3 a5 22. Nd3 b5 23. Kg2 h5 24. a4 b4 25. Be3 Nh6 26. b3 h4 27. Rac1 f5
28. c4 f4 29. Bc5 Bc7 30. Rd2 Rgd8 31. Rcd1 Nf7 32. Kh2 Kf6 33. Kg2 Ke6 34. Kh2
Kf6 35. Nc1 Rxd2 36. Rxd2 Rd8 37. Rxd8 Nxd8 38. Nd3 Ne6 39. Kg2 Nd4 40. Bxd4
exd4 41. Kf1 Bb6 42. Ke2 c5 43. Nc1 Ke6 44. Kd3 Ke5 45. Ne2 Bc7 46. Nc1 Bb6 47.
Ke2 Ke6 48. Nd3 Ba7 49. e5 Bb6 1/2-1/2

[Event "Hamburg Harburg-ch Gr.I 5th"]
[Site "Hamburg"]
[Date "2007.07.06"]
[Round "1.4"]
[White "Kalauch, Jonathan"]
[Black "Petru, Dennis"]
[Result "0-1"]
[WhiteElo "902"]
[BlackElo "1192"]
[PlyCount "67"]
[EventDate "2007.07.08"]
[Source "SK Marmstorf"]
[SourceDate "2007.01.01"]

1. d4 d5 2. Nf3 Nf6 3. e3 e6 4. Bd3 c5 5. c3 c4 6. Bc2 Bd6 7. O-O O-O 8. Nbd2
Qc7 9. e4 dxe4 10. Nxe4 Nxe4 11. Bxe4 Nd7 12. Re1 Nf6 13. Bc2 Re8 14. Bd2 b5
15. a3 Bb7 16. g3 Rad8 17. Re2 Bxf3 18. Qf1 Bxe2 19. Qxe2 e5 20. dxe5 Rxe5 21.
Qf3 Bxa3 22. Bf4 Bxb2 23. Rb1 Bxc3 24. Qxc3 Rdd5 25. Bxe5 Qxe5 26. Qf3 a5 27.
Rd1 Rxd1+ 28. Bxd1 a4 29. Qc6 h6 30. Bxa4 bxa4 31. Qxc4 a3 32. Qa2 Qa5 33. Kf1
Nd5 34. Ke2 0-1

[Event "Hamburg Harburg-ch Gr.I 5th"]
[Site "Hamburg"]
[Date "2007.07.07"]
[Round "2.1"]
[White "Petru, Dennis"]
[Black "Neumann, Ramona"]
[Result "0-1"]
[WhiteElo "1192"]
[BlackElo "1379"]
[PlyCount "34"]
[EventDate "2007.07.08"]

1. e4 e5 2. Nf3 Nc6 3. d4 exd4 4. Nxd4 Nf6 5. Nc3 Bb4 6. Nxc6 bxc6 7. Bd3 O-O
8. O-O Re8 9. Bg5 Qe7 10. Qf3 Bb7 11. Bxf6 Qxf6 12. Qxf6 gxf6 13. Rfe1 Kh8 14.
Rad1 d5 15. exd5 Rxe1+ 16. Rxe1 cxd5 17. Re7 Bxe7 0-1

[Event "Hamburg Harburg-ch Gr.I 5th"]
[Site "Hamburg"]
[Date "2007.07.07"]
[Round "2.2"]
[White "Rosenkranz, Kristin"]
[Black "Kalauch, Johannes"]
[Result "1/2-1/2"]
[WhiteElo "1271"]
[BlackElo "1149"]
[PlyCount "109"]
[EventDate "2007.07.08"]

1. e4 c5 2. Nf3 Nc6 3. d4 cxd4 4. Nxd4 g6 5. c4 Bg7 6. Be3 Nf6 7. Nc3 Qa5 8.
Nb3 Qc7 9. Be2 e6 10. O-O b6 11. Nb5 Qb8 12. Nd6+ Ke7 13. c5 Ne8 14. Nxc8+ Qxc8
15. cxb6 axb6 16. Nd4 Nxd4 17. Bxd4 Qc6 18. Bxg7 Nxg7 19. Qd4 Rhg8 20. Rac1 Qd6
21. Qxd6+ Kxd6 22. a3 Rgc8 23. Rfd1+ Ke7 24. f3 Nh5 25. g3 Rc5 26. Rxc5 bxc5
27. e5 Ra4 28. Bb5 Rd4 29. Rxd4 cxd4 30. a4 Ng7 31. g4 Ne8 32. Kf2 Nc7 33. Bc4
d5 34. Bf1 Kd7 35. b4 Kc6 36. h4 Kb6 37. Bd3 Ne8 38. Ke2 f6 39. f4 f5 40. gxf5
gxf5 41. Kd2 Ng7 42. Be2 Ne8 43. Kd3 Nc7 44. Kxd4 Kc6 45. Bh5 Kb6 46. Bf7 Kc6
47. a5 Kb5 48. Kc3 Ka6 49. Kd4 Kb5 50. Bxe6 Nxe6+ 51. Kxd5 Nxf4+ 52. Kd4 Ne6+
53. Ke3 h5 54. Kd3 Ka6 55. Ke3 1/2-1/2

[Event "Hamburg Harburg-ch Gr.I 5th"]
[Site "Hamburg"]
[Date "2007.07.07"]
[Round "2.3"]
[White "Buntrock, Jannis"]
[Black "Hemp, Oliver"]
[Result "0-1"]
[WhiteElo "1013"]
[BlackElo "1030"]
[PlyCount "52"]
[EventDate "2007.07.08"]

1. e4 e5 2. Nf3 Nc6 3. Bc4 Bc5 4. Nc3 d6 5. d3 Nf6 6. O-O Bg4 7. Be3 Nd4 8.
Bxd4 Bxd4 9. Na4 Qd7 10. Nc3 Bxc3 11. bxc3 Nh5 12. h3 Nf4 13. Bxf7+ Kd8 14. Rb1
Bxh3 15. Ng5 Bxg2 16. Re1 Nh3+ 17. Nxh3 Qxh3 18. f4 Bf3 19. Qd2 Qh1+ 20. Kf2
Qg2+ 21. Ke3 exf4+ 22. Kxf4 Qxd2+ 23. Kf5 Rf8 24. Ke6 Bg4+ 25. Kd5 Rxf7 26.
Rxb7 Qxe1 0-1

[Event "Hamburg Harburg-ch Gr.I 5th"]
[Site "Hamburg"]
[Date "2007.07.07"]
[Round "2.4"]
[White "Kalauch, Lucas"]
[Black "Neumann, Mike"]
[Result "0-1"]
[WhiteElo "1071"]
[BlackElo "1208"]
[PlyCount "82"]
[EventDate "2007.07.08"]

1. d4 d5 2. Nf3 Nc6 3. e3 Nf6 4. Bd3 Qd6 5. O-O e5 6. dxe5 Nxe5 7. Nbd2 Nxd3 8.
cxd3 Be7 9. e4 O-O 10. e5 Qd7 11. exf6 Bxf6 12. Nb3 b6 13. Be3 Bxb2 14. Rb1 Bf6
15. Rc1 Ba6 16. Re1 Rfd8 17. d4 Bc4 18. Rc3 Be7 19. Ne5 Qa4 20. Nd3 Qxa2 21.
Re2 Qa4 22. Qc2 Bb4 23. Nxb4 Bxe2 24. Nc6 Re8 25. Qxe2 b5 26. Qf3 b4 27. Rd3
Qxc6 28. h3 Qc2 29. Bd2 Qb1+ 30. Kh2 a5 31. Bf4 a4 32. Nd2 Qc2 33. Bxc7 Qxc7+
34. g3 Qc2 35. h4 b3 36. Nxb3 axb3 37. Rxb3 Qc4 38. Re3 Qxd4 39. Rd3 Qe4 40.
Qxe4 dxe4 41. Re3 h6 0-1

[Event "Hamburg Harburg-ch Gr.I 5th"]
[Site "Hamburg"]
[Date "2007.07.07"]
[Round "2.5"]
[White "Boehme, Mathis"]
[Black "Kalauch, Jonathan"]
[Result "1-0"]
[WhiteElo "842"]
[BlackElo "902"]
[PlyCount "109"]
[EventDate "2007.07.08"]

1. e4 c5 2. f4 Nc6 3. Nf3 g6 4. Bc4 Bg7 5. Nc3 d6 6. Qe2 e5 7. Ng5 exf4 8. Nxf7
Qe7 9. Nxh8 Be6 10. Bxe6 Qxe6 11. Nd5 O-O-O 12. Nxg6 hxg6 13. Nxf4 Qf7 14. O-O
Bd4+ 15. Kh1 Be5 16. Qg4+ Kb8 17. d3 Nge7 18. Bd2 Qh7 19. Nh3 Nd4 20. Bf4 Bxf4
21. Qxf4 Nxc2 22. Rac1 Nd4 23. Qf7 Qxf7 24. Rxf7 Nec6 25. Rg7 Ne5 26. Nf4 Rf8
27. Nxg6 Ne2 28. Nxe5 dxe5 29. Re1 Kc8 30. h3 Nd4 31. Rc1 Ne6 32. Re7 Rf6 33.
g4 Nf4 34. g5 Rg6 35. Rxc5+ Kd8 36. Rcxe5 Nxd3 37. R7e6 Nxe5 38. Rxe5 Kd7 39.
Rb5 Kc6 40. Ra5 a6 41. Kg2 b6 42. Rf5 Re6 43. Rf6 Rxf6 44. gxf6 Kd6 45. f7 Ke7
46. Kf3 Kxf7 47. Kf4 Kf6 48. h4 Ke6 49. e5 b5 50. b4 Kf7 51. Kf5 Ke7 52. h5 Kf7
53. e6+ Kg7 54. Kg5 Kf8 55. Kg6 1-0

[Event "Hamburg Harburg-ch Gr.I 5th"]
[Site "Hamburg"]
[Date "2007.07.07"]
[Round "3.1"]
[White "Neumann, Ramona"]
[Black "Neumann, Mike"]
[Result "1-0"]
[WhiteElo "1379"]
[BlackElo "1208"]
[PlyCount "31"]
[EventDate "2007.07.08"]

1. e4 e5 2. Nf3 Nc6 3. Bb5 d6 4. O-O Bd7 5. c3 a6 6. Ba4 b5 7. Bb3 Nf6 8. Re1
Na5 9. Bc2 Be7 10. d4 Nc6 11. Bg5 O-O 12. a3 exd4 13. cxd4 Re8 14. Qd3 Na7 15.
e5 dxe5 16. dxe5 1-0

[Event "Hamburg Harburg-ch Gr.I 5th"]
[Site "Hamburg"]
[Date "2007.07.07"]
[Round "3.2"]
[White "Kalauch, Johannes"]
[Black "Hemp, Oliver"]
[Result "1-0"]
[WhiteElo "1149"]
[BlackElo "1030"]
[PlyCount "61"]
[EventDate "2007.07.08"]

1. d4 d5 2. Nf3 Bf5 3. e3 c6 4. Nbd2 e6 5. c4 Nf6 6. Be2 b6 7. O-O Be7 8. Nh4
O-O 9. Nxf5 exf5 10. Bd3 g6 11. cxd5 cxd5 12. f3 Nbd7 13. e4 fxe4 14. fxe4 dxe4
15. Nxe4 Nxe4 16. Bxe4 Rc8 17. Bh6 Re8 18. Qb3 Nf6 19. Rad1 Qc7 20. Bd3 Qd7 21.
Bb5 Qd5 22. Qxd5 Nxd5 23. Bxe8 Rxe8 24. Rde1 Rc8 25. Re5 Rd8 26. Rfe1 Rd7 27.
Rxd5 Rxd5 28. Rxe7 Rd8 29. Rxa7 f5 30. Rg7+ Kh8 31. Rb7 1-0

[Event "Hamburg Harburg-ch Gr.I 5th"]
[Site "Hamburg"]
[Date "2007.07.07"]
[Round "3.3"]
[White "Petru, Dennis"]
[Black "Rosenkranz, Kristin"]
[Result "0-1"]
[WhiteElo "1192"]
[BlackElo "1271"]
[PlyCount "64"]
[EventDate "2007.07.08"]

1. e4 c5 2. Nf3 d6 3. d4 cxd4 4. Nxd4 Nf6 5. Nc3 g6 6. f3 Bg7 7. Be3 O-O 8. Be2
Nc6 9. O-O Bd7 10. a4 Rc8 11. Qd2 Re8 12. Rfb1 a6 13. b4 Qc7 14. b5 Nxd4 15.
Bxd4 e5 16. b6 Qc6 17. Nb5 axb5 18. axb5 Qxc2 19. Qxc2 Rxc2 20. Bd1 Rcc8 21.
Be3 Ra8 22. Rxa8 Rxa8 23. Bd2 d5 24. exd5 Nxd5 25. f4 Nxb6 26. fxe5 Bxe5 27.
Bf3 Rb8 28. Be3 Nc4 29. Ba7 Ra8 30. b6 Bd4+ 31. Kh1 Re8 32. g3 Nd2 0-1

[Event "Hamburg Harburg-ch Gr.I 5th"]
[Site "Hamburg"]
[Date "2007.07.07"]
[Round "3.4"]
[White "Buntrock, Jannis"]
[Black "Boehme, Mathis"]
[Result "0-1"]
[WhiteElo "1013"]
[BlackElo "842"]
[PlyCount "75"]
[EventDate "2007.07.08"]

1. e4 d5 2. exd5 Nf6 3. Bc4 Nxd5 4. d4 Bf5 5. Bf4 Nxf4 6. Qf3 Qxd4 7. Qh5 Qxc4
8. Qxf5 Qe6+ 9. Qxe6 Nxe6 10. Nc3 Nc6 11. Nf3 O-O-O 12. a3 Ncd4 13. Nxd4 Nxd4
14. O-O-O e5 15. Ne4 f5 16. Ng5 Ne2+ 17. Kb1 Rxd1+ 18. Rxd1 Be7 19. Nf7 Rf8 20.
Nxe5 Bxa3 21. Nd7 Rd8 22. Nb6+ axb6 23. Re1 Nc3+ 24. bxc3 Rd2 25. Ka2 Bc5 26.
Kb3 Rxf2 27. Re8+ Kd7 28. Ra8 b5 29. Rg8 Rxg2 30. Rh8 Rxh2 31. Rg8 g6 32. Rg7+
Be7 33. Kb2 Rh5 34. Kb3 g5 35. c4 Rh3+ 36. c3 bxc4+ 37. Kxc4 g4 38. Kd4 {
An dieser Stelle folgte 38..Lf6+, ohne dass beiden Spielern auffiel, dass
dieser Zug nicht regelkonform ist. Die weitere Zugfolge war 39.Kc4 Lxg7 40.Kd5
Lxc3 41.Kc4 b5+ 42.Kxb5 La5 43. Kxa5 Tb3 44.Ka6 Kc6 45.Ka7 Tb1 46.Ka8 Kc8 47.
Ka7 Ta1#} 0-1

[Event "Hamburg Harburg-ch Gr.I 5th"]
[Site "Hamburg"]
[Date "2007.07.07"]
[Round "3.5"]
[White "Kalauch, Jonathan"]
[Black "Kalauch, Lucas"]
[Result "0-1"]
[WhiteElo "902"]
[BlackElo "1071"]
[PlyCount "53"]
[EventDate "2007.07.08"]

1. e4 c5 2. b3 Nc6 3. Bb2 e5 4. Bc4 Nf6 5. Nf3 Nxe4 6. Nxe5 Qf6 7. Nf3 Qxb2 8.
c3 Qxa1 9. O-O Qxa2 10. d3 Nxc3 11. Nxc3 Qa5 12. Qc1 Qd8 13. Ng5 Ne5 14. Re1 f6
15. Nf7 Qc7 16. Nxh8 Kd8 17. Nf7+ Nxf7 18. Bxf7 Be7 19. Qe3 Qe5 20. Qxe5 fxe5
21. Rxe5 Bf6 22. Re1 Bxc3 23. Re8+ Kc7 24. Re7 a5 25. Re3 a4 26. bxa4 Rxa4 27.
Bb3 0-1

[Event "Hamburg Harburg-ch Gr.A 5th"]
[Site "Hamburg"]
[Date "2007.07.08"]
[Round "4.2"]
[White "Hawellek, Jeronimo"]
[Black "Mueller, Jan Hendrik"]
[Result "1-0"]
[WhiteElo "2305"]
[BlackElo "2040"]
[PlyCount "65"]
[EventDate "2007.07.08"]

1. d4 Nf6 2. c4 c5 3. d5 e6 4. Nc3 exd5 5. cxd5 d6 6. e4 g6 7. Bd3 Bg7 8. Nge2
O-O 9. O-O Re8 10. Ng3 a6 11. a4 Nbd7 12. f4 Qc7 13. Be3 b6 14. Bc4 Bb7 15. h3
b5 16. axb5 Nb6 17. Qd3 Nxc4 18. Qxc4 Qb6 19. Rae1 Rad8 20. b4 axb5 21. bxc5
bxc4 22. cxb6 Nxe4 23. Ncxe4 Bxd5 24. Bd2 Bc6 25. Bc3 d5 26. Bxg7 Kxg7 27. Nd2
Rxe1 28. Rxe1 c3 29. Nb3 Rb8 30. Ne2 Rxb6 31. Nbd4 Ba4 32. Nxc3 Rb4 33. Nce2
1-0

[Event "Hamburg Harburg-ch Gr.A 5th"]
[Site "Hamburg"]
[Date "2007.07.08"]
[Round "4.3"]
[White "Porth, Hartmut"]
[Black "Wennmann, Thorsten"]
[Result "1/2-1/2"]
[WhiteElo "2158"]
[BlackElo "2019"]
[PlyCount "99"]
[EventDate "2007.07.08"]

1. e4 c5 2. d3 Nc6 3. f4 d6 4. g3 g6 5. Bg2 Bg7 6. c3 e5 7. Nf3 exf4 8. Bxf4
Nge7 9. O-O O-O 10. Na3 Bg4 11. Nc4 Ne5 12. Ne3 Be6 13. d4 Nxf3+ 14. Bxf3 cxd4
15. cxd4 d5 16. e5 Nf5 17. Nxf5 Bxf5 18. Qb3 Qd7 19. Qxd5 Qxd5 20. Bxd5 Rad8
21. Bxb7 Rxd4 22. Bg2 f6 23. Be3 Rd3 24. exf6 Bxf6 25. Bxa7 Bxb2 26. Rab1 Bd4+
27. Bxd4 Rxd4 28. Rbd1 Ra4 29. Bd5+ Kg7 30. Rc1 h5 31. Rc7+ Kf6 32. Bb3 Rd4 33.
Rc6+ Kg5 34. Rc4 Rxc4 35. Bxc4 Rc8 36. Bb3 h4 37. gxh4+ Kxh4 38. Rf4+ Kg5 39.
Rf1 Rc3 40. Re1 Kf4 41. Bd5 g5 42. a4 Ra3 43. Bc6 g4 44. Kf2 g3+ 45. hxg3+ Rxg3
46. Rc1 Ra3 47. Rc4+ Ke5 48. Rb4 Kd6 49. Bf3 Bd7 50. Rd4+ 1/2-1/2

[Event "Hamburg Harburg-ch Gr.A 5th"]
[Site "Hamburg"]
[Date "2007.07.08"]
[Round "5.2"]
[White "Mueller, Jan Hendrik"]
[Black "Porth, Hartmut"]
[Result "1/2-1/2"]
[WhiteElo "2040"]
[BlackElo "2158"]
[PlyCount "49"]
[EventDate "2007.07.08"]

1. e4 Nc6 2. d3 e5 3. Nf3 Nf6 4. g3 Bc5 5. Bg2 d6 6. Nc3 a6 7. Bg5 h6 8. Bxf6
Qxf6 9. Nd5 Qd8 10. Qd2 Ne7 11. Ne3 O-O 12. d4 exd4 13. Nxd4 Bxd4 14. Qxd4 Nc6
15. Qc3 Be6 16. O-O-O Qg5 17. f4 Qa5 18. Qxa5 Nxa5 19. Nd5 Bxd5 20. Rxd5 Nc6
21. Re1 f6 22. Rd3 Rae8 23. Rb3 Nd8 24. Kd2 Re7 25. Rbe3 1/2-1/2

[Event "Hamburg Harburg-ch Gr.A 5th"]
[Site "Hamburg"]
[Date "2007.07.08"]
[Round "5.3"]
[White "Reddmann, Hauke"]
[Black "Hawellek, Jeronimo"]
[Result "1/2-1/2"]
[WhiteElo "2331"]
[BlackElo "2305"]
[PlyCount "71"]
[EventDate "2007.07.08"]

1. d4 Nf6 2. Bg5 d5 3. Bxf6 exf6 4. e3 Bd6 5. c4 dxc4 6. Bxc4 f5 7. Ne2 Nd7 8.
Nd2 Nf6 9. Qb3 O-O 10. Nf3 Qe7 11. O-O c6 12. a4 Ne4 13. Rfd1 g5 14. g3 Kg7 15.
Ne1 h5 16. Ng2 h4 17. f3 hxg3 18. fxe4 gxh2+ 19. Kh1 fxe4 20. Rf1 Bg4 21. Rf2
Bf3 22. Raf1 g4 23. Nef4 Rh8 24. Be2 Rad8 25. Bxf3 exf3 26. Ne1 Bxf4 27. exf4
Rxd4 28. f5 c5 29. Nxf3 gxf3 30. f6+ Qxf6 31. Rxf3 Qc6 32. Qxf7+ Kh6 33. Re1
Rd6 34. Re5 Rd1+ 35. Kxh2 Rd2+ 36. Kh1 1/2-1/2